[Event "Romanian-ch Open 2022"]
[Site "Eforie Nord"]
[Date "2022.02.22"]
[Round "3.17"]
[White "Prelipcean, Eric-Matei"]
[Black "Bonte, Andrei-Mihai"]
[Result "0-1"]
[WhiteElo "1935"]
[BlackElo "2349"]
[Annotator "TA"]
[PlyCount "134"]
[EventDate "2022.02.20"]
[EventType "swiss"]
[EventCountry "ROU"]
[SourceTitle "playchess.com"]
[Source "ChessBase"]
[SourceQuality "1"]

{[%evp 19,134,29,29,32,35,0,0,-104,-47,-54,-47,-48,-39,-45,-35,-45,-58,-36,-3,-7,0,0,0,-7,12,12,9,0,0,0,50,0,11,17,8,0,47,17,18,0,0,0,0,0,0,0,-2,-6,13,-16,-24,-25,-18,-63,-22,-78,-34,-55,-11,-80,-80,-81,-81,-84,-66,-113,-111,-169,-164,-243,-231,-221,-207,-275,-272,-282,-223,-400,-400,-333,-244,-242,-231,-200,-175,-233,-223,-240,-227,-163,-114,-116,-91,-198,-30,-232,-213,-255,-252,-808,-272,-370,-3814,-1106,-617,-237,-245,-29981,-29982,-29982,-29983,-29983,0,0,0,-29985,-29986]} 1. e4 c5 2. Nf3 Nc6 3. Bb5 g6 4. Bxc6 bxc6 5. O-O Bg7 6. Re1 f6 7. c3 Nh6 8. d4 cxd4 9. cxd4 O-O 10. Nc3 d6 11. Bf4 {B31: Sicilian: 2...Nc6 3 Bb5 g6.} Rb8 12. Qc1 Nf7 13. e5 {[#]} (13. h3 $11) 13... g5 $146 ({Better is} 13... fxe5 $1 $17 14. dxe5 Qa5) ({Predecessor:} 13... fxe5 14. dxe5 Bg4 15. e6 Ne5 16. Nxe5 dxe5 17. Bxe5 Qb6 18. Bxb8 Qxf2+ 19. Kh1 Rxb8 {1-0 (28) Sarkar,J (2375)-Daggupati,B (2188) Chicago 2017}) 14. exd6 $15 exd6 15. Be3 Bg4 {White must now prevent ...Bxf3.} 16. Nd2 f5 {...f4 is the strong threat.} 17. f3 Bh5 18. Nb3 Re8 (18... f4 {with more complications.} 19. Bd2 Qd7 20. Ne4 Bg6 21. Qd1 Rb5) 19. Bf2 Rxe1+ 20. Qxe1 Qd7 21. Qd2 Bf6 22. Re1 Bg6 23. Qe2 Nd8 24. Qd2 Bf7 (24... Nb7 $11) 25. Nc1 (25. d5 $14) 25... Kg7 26. b3 h6 27. N1e2 Bg8 (27... Bg6 $11 {feels stronger.}) 28. Ng3 {And now Nh5+ would win.} Bf7 {To avoid Nh5+} 29. Nge2 {[%cal Oh2h4]} Bg6 30. Rc1 Qb7 31. Na4 Qb4 32. Qxb4 Rxb4 33. Nb2 {[%cal Od4d5]} Kf8 34. Rc4 (34. Nc4 $5 {[%cal Rc4d6]}) 34... Rxc4 35. Nxc4 Ke7 36. Kf1 (36. f4 $11) 36... Ne6 (36... f4 $15) 37. Ke1 (37. d5 $11 {keeps the balance.} cxd5 38. Ne3) 37... Nc7 (37... Kd7 $17) 38. Kd2 {[%cal Od4d5]} f4 (38... Nd5 $15 {is more appropriate.}) 39. Na3 (39. d5 $11) 39... Nd5 $17 40. Nc3 Nxc3 (40... Nb4 {looks sharper.} 41. Nc4 Ke6 42. a3 Nd5 43. Ne4 Be7) 41. Kxc3 {[%mdl 4096] Endgame KBB-KBN} Ke6 42. Kc4 (42. Nc2 $15 {should be considered.}) 42... h5 43. b4 (43. Kc3 $17) 43... Bf7 $19 44. Kd3 (44. d5+ $142 Kd7 45. Kd3) 44... Kd5 $1 45. Kc3 Bg6 46. h3 Bf5 47. Bg1 c5 48. bxc5 $2 (48. Nb5) 48... dxc5 49. Nb5 Kc6 {Inhibits Nc7.} 50. Na3 g4 51. hxg4 hxg4 {aiming for ...g3.} 52. fxg4 (52. Kc4 {might work better.}) 52... Bxg4 53. Kd3 Bf5+ 54. Kc4 Be4 {To avoid d5+} ({Black should play} 54... Be6+ $1 $19 55. Kd3 Bxa2 56. dxc5 Bd5) 55. dxc5 $17 Bxg2 {Hoping for ...Bd5+. Black is more active. This bishop pair is nice.} 56. Kd3 (56. Nc2 $17 {was called for.}) 56... Kd5 $2 (56... Be7 $19 57. Nb1 Bxc5) 57. Bf2 (57. c6 $1 $11 {and White stays safe.}) 57... Be4+ 58. Ke2 {[%cal Oc5c6]} f3+ 59. Kd1 $2 (59. Kd2 a6 60. Nc2) 59... a6 $2 (59... Bd4 60. Bxd4 Kxd4) 60. Nc2 Bxc2+ 61. Kxc2 $19 {KB-KB} Be7 $1 62. Kd3 {[%cal Oc5c6]} Bxc5 63. Bxc5 $2 (63. Bg3 $19) 63... Kxc5 64. Ke3 {[#]} Kb4 $1 65. Kxf3 {[#]} Ka3 $1 66. Ke4 $1 Kxa2 {( -> ...a5)} 67. Kd4 $2 {[%mdl 8192]} (67. Kd3 $11) 67... Kb3 {Weighted Error Value: White=0.42/Black=0.26 (precise)} 0-1

[Event "Romanian-ch Open 2022"]
[Site "Eforie Nord"]
[Date "2022.02.22"]
[Round "3.18"]
[White "Capragiu, Matei-Stefan"]
[Black "Stepanencu, Nicodim-Cosmin"]
[Result "0-1"]
[WhiteElo "1902"]
[BlackElo "2334"]
[Annotator "TA"]
[PlyCount "82"]
[EventDate "2022.02.20"]
[EventType "swiss"]
[EventCountry "ROU"]
[SourceTitle "playchess.com"]
[Source "ChessBase"]
[SourceQuality "1"]

{[%evp 17,82,-5,10,-3,12,12,10,10,16,-1,-14,-52,-30,-39,-18,-12,-23,-17,-21,-54,0,0,9,-58,-34,-66,-39,-119,0,-291,-296,-269,-252,-418,-434,-441,-428,-491,-374,-577,-575,-549,-557,-601,-583,-619,-604,-625,-618,-610,-607,-628,-549,-603,-364,-541,-514,-1335,-1278,-29986,-29987,-29987,-29988,-29988,-29989,-29997,-29998]} 1. d4 Nf6 2. c4 g6 3. Nc3 Bg7 4. e4 d6 5. f3 O-O 6. Be3 Nbd7 7. Qd2 c5 8. Nge2 {[%cal Bg1e2,Be2c1,Bc1b3][%mdl 32]} a6 9. d5 {9.dxc5 is a critical line.} b5 10. cxb5 {E81: King's Indian: Sämisch: 6th move deviations (including 6 Be3 c6).} Qa5 11. Nc1 Nb6 12. Nb3 {The position is equal.} Qb4 {[#]} 13. Nd1 $146 ({Predecessor:} 13. Qc2 Nc4 14. Bxc4 Qxc4 15. Na5 Qb4 16. Nc6 Qc4 17. b3 Qxc3+ 18. Qxc3 Nxd5 19. Qxg7+ Kxg7 20. exd5 axb5 21. Nxe7 {1-0 (39) Czerwonski,A (2405)-Szelag,M (2245) Jaroslawiec 1997}) 13... Qxd2+ 14. Kxd2 axb5 15. Bxb5 Ba6 (15... Bd7 $5 {[%cal Rd7b5]} 16. Be2 Na4 $11) 16. Bxa6 Rxa6 17. Kc2 Nfd7 {[%mdl 1024] Black has compensation.} 18. Nd2 f5 ({Better is} 18... e6 $15) 19. Nc3 Ne5 20. Rhf1 (20. Rhe1 $11) 20... Nbc4 21. Nxc4 Nxc4 22. Bg1 (22. Bc1 $15) 22... Nxb2 23. Rab1 {[%mdl 8192] [#] Black keeps a firm grip on the game.} (23. Kxb2 $11 Rb8+ 24. Kc2) 23... Ra3 $1 24. Nb5 (24. Rxb2 Rxc3+) 24... Rxa2 25. Nc3 $2 (25. Ra1 Rxa1 26. Rxa1) 25... Ra3 $19 26. Nb5 Ra4 {[%cal Ba3a4,Ba4c4,Bc4c2][%mdl 32]} 27. Nc7 Rb8 28. Ra1 (28. Ne6 $142 Rc4+ 29. Kd2) 28... Rc4+ 29. Kd2 Rb3 {[#] Threatens to win with ...Bh6+.} 30. Ra8+ Kf7 31. Rb1 Bh6+ 32. Ke2 Rc2+ 33. Kf1 Rd3 {Hoping for ...Bc1. Active counter play!} 34. Ne6 Nc4 35. Rba1 Nd2+ 36. Ke1 (36. Ke2 {was forced.} fxe4 37. fxe4) 36... Nb3 {White must now prevent ...Nc1.} 37. Rb1 (37. R1a2 $142 Rc1+ 38. Ke2 fxe4 39. fxe4) 37... Nc1 {( -> ...Re2+)} 38. Rxc1 Rxc1+ {Black mates.} 39. Kf2 Rd2+ 40. Kg3 Rxg1 41. Rh8 Rgxg2+ {Weighted Error Value: White=0.88/Black=0.20 (precise)} 0-1

[Event "Romanian-ch Open 2022"]
[Site "Eforie Nord"]
[Date "2022.02.22"]
[Round "3.19"]
[White "Mazilu, Stefan-Fabian"]
[Black "Nastore, Pavel-Alexandru"]
[Result "0-1"]
[WhiteElo "1886"]
[BlackElo "2306"]
[Annotator "TA"]
[PlyCount "76"]
[EventDate "2022.02.20"]
[EventType "swiss"]
[EventCountry "ROU"]
[SourceTitle "playchess.com"]
[Source "ChessBase"]
[SourceQuality "1"]

{[%evp 11,76,21,28,28,17,26,25,27,30,23,23,22,28,20,17,14,18,18,17,0,14,0,20,0,0,0,24,0,0,0,-8,-45,-49,-100,-111,-164,-170,-157,-152,-298,-299,-305,-291,-304,-302,-316,-295,-311,-294,-365,-372,-395,-390,-378,-395,-376,-373,-631,-606,-833,-794,-727,-691,-6087,-1964,-1420,-884]} 1. e4 c5 2. Nf3 d6 3. Bb5+ Bd7 4. Bxd7+ Nxd7 5. O-O Ngf6 6. Qe2 e6 7. Rd1 {7.d4 is setting a new trend. B52: Sicilian: Moscow Variation with 3...Bd7.} Be7 8. d4 cxd4 9. Nxd4 {White has an edge.} a6 10. c4 Rc8 11. b3 Qa5 12. Bb2 Qh5 13. Qxh5 Nxh5 {[#]} 14. Nc3 $146 ({Predecessor:} 14. f3 Nhf6 15. Nc3 g5 16. Rd2 h5 17. Rad1 Ne5 18. Kf2 h4 19. Nde2 Nfd7 20. Na4 {½-½ (44) Ligon,S (2120)-Kerr,G (2312) FICGS email 2020}) 14... g5 15. f3 Rg8 16. g3 Ne5 17. Kg2 Nf6 {[%cal Bh5f6,Bf6d7,Bd7c5,Bc5e4][%mdl 32]} 18. Rd2 Nfd7 19. Rad1 h5 20. Nce2 Nc5 21. Ba3 g4 22. f4 {Black converts the advantage convincingly.} (22. Bxc5 $15 gxf3+ 23. Nxf3 Rxc5 24. Nxe5 Rxe5 25. Kf3) 22... Nxe4 $17 23. fxe5 (23. Rc2 $17) 23... dxe5 $19 {[%mdl 64] [#] Discovered Attack} ({And not} 23... Nxd2 24. exd6 Bg5 25. Bc1 $11) 24. Bxe7 Kxe7 25. Nf5+ (25. Rd3 $17 {is a better defense.} exd4 26. Rxd4) 25... exf5 26. Rd7+ Kf6 {Hoping for ...b5.} 27. Rxb7 Rgd8 28. Rbd7 Rxd7 29. Rxd7 {[%mdl 4096] Endgame KRN-KRN} h4 {[%cal Bh5h4,Bh4h3][%mdl 32]} 30. Rd3 h3+ 31. Kf1 Rc6 32. Nc3 Nxc3 33. Rxc3 {KR-KR} f4 34. c5 $2 (34. gxf4 exf4 35. c5) 34... fxg3 {Black is clearly winning.} 35. hxg3 e4 36. b4 Ke5 {[#] White must now prevent ...Kd4.} 37. a4 Kd4 (37... Rf6+ $142 38. Kg1 Kd4) 38. Rc1 a5 {Weighted Error Value: White=0.61/Black=0.15 (very precise)} 0-1

[Event "Romanian-ch Open 2022"]
[Site "Eforie Nord"]
[Date "2022.02.22"]
[Round "3.20"]
[White "Craciun, Sasha-Matei"]
[Black "Martian, Dragos-Daniel"]
[Result "0-1"]
[WhiteElo "1871"]
[BlackElo "2270"]
[Annotator "TA"]
[PlyCount "46"]
[EventDate "2022.02.20"]
[EventType "swiss"]
[EventCountry "ROU"]
[SourceTitle "playchess.com"]
[Source "ChessBase"]
[SourceQuality "1"]

{[%evp 15,46,-13,-6,-26,-15,-30,-18,-25,-17,-60,-33,-85,-100,-93,-83,-116,-118,-125,-112,-145,-141,-157,-136,-182,-52,-232,-238,-427,-427,-427,-425,-1046,-1033]} 1. e4 c5 2. Nf3 Nc6 3. g3 g6 4. Bg2 Bg7 5. O-O e5 6. c3 d6 7. Na3 Nge7 8. Nc2 O-O 9. d4 {B50: Sicilian: 2...d6, Miscellaneous.} exd4 10. cxd4 Bg4 11. dxc5 {The position is equal.} dxc5 12. h3 (12. Ne3 $11 {was preferrable.} h5 13. h3 Bxf3 14. Bxf3) 12... Be6 {[#]} 13. Qxd8 $146 (13. Qe2 $15) ({Predecessor:} 13. Be3 Bc4 14. Re1 Bxb2 15. Rb1 Bc3 16. Rxb7 Qc8 17. Rd7 Rd8 18. Rxd8+ Qxd8 19. Qxd8+ Rxd8 {½-½ (47) Srebrnic,M (2381)-Plenca,J (2387) Ljubljana 2015}) 13... Raxd8 $17 14. Re1 h6 {Black is more active.} 15. g4 Rd7 16. Bf1 Rfd8 17. Be2 Kh7 18. Ne3 Nd4 19. Kg2 (19. Nxd4 $17 {keeps fighting.} cxd4 20. Nd5) 19... g5 ({Better is} 19... Nxe2 $19 20. Rxe2 b6) 20. h4 $2 {Now White is beyond hope.} ({Only move:} 20. Nxd4 $15 Rxd4 21. Nf5 Nxf5 22. gxf5) 20... Ng6 $19 {[#] aiming for ...Nf4+.} 21. Bf1 $2 (21. Nxd4 {was called for.} Nxh4+ 22. Kh3 cxd4 23. Nd5) 21... Nxf3 {Black is clearly winning.} 22. Kxf3 Nxh4+ 23. Ke2 {[#]} (23. Kg3 $142 Be5+ 24. f4 Bxf4+ 25. Kf2) 23... Bxb2 $1 {[%mdl 512] Weighted Error Value: White=0.95/Black=0.18 (very precise)} 0-1

[Event "Romanian-ch Open 2022"]
[Site "Eforie Nord"]
[Date "2022.02.22"]
[Round "3.21"]
[White "Rosu, Adrian Haralambie"]
[Black "Voiteanu, Gabriel"]
[Result "0-1"]
[WhiteElo "1550"]
[BlackElo "2207"]
[Annotator "RC"]
[PlyCount "38"]
[EventDate "2022.02.20"]
[EventType "swiss"]
[EventCountry "ROU"]
[SourceTitle "playchess.com"]
[Source "ChessBase"]
[SourceQuality "1"]
[TimeControl "40/5400+30:900+30"]

1. e4 {[%emt 0:00:06]} e5 {[%emt 0:00:35]} 2. Nf3 {[%emt 0:00:11]} Nc6 {[%emt 0:00:07]} 3. d4 {[%emt 0:00:13]} exd4 {[%emt 0:00:17]} 4. Nxd4 {[%emt 0:00:11]} Nf6 {[%emt 0:00:08]} 5. Nxc6 {[%emt 0:00:33]} bxc6 {[%emt 0:00:04]} 6. e5 {[%emt 0:00:05]} Qe7 {[%emt 0:00:13]} 7. Qe2 {[%emt 0:00:10]} Nd5 {[%emt 0:00:10]} 8. c4 {[%emt 0:02:12]} Nb6 {[%emt 0:00:25]} 9. Nc3 {[%emt 0:01:10]} Qe6 {[%emt 0:03:32]} 10. Qe4 {[%emt 0:04:20]} d5 {[%emt 0:20:58]} 11. exd6 {[%emt 0:11:25]} Bxd6 {[%emt 0:04:49]} 12. Be2 {[%emt 0:01:17]} Bb4 {[%emt 0:07:07]} 13. Bd2 {[%emt 0:17:53]} Bxc3 {[%emt 0:05:39]} 14. Qxe6+ {[%emt 0:00:16]} Bxe6 {[%emt 0:00:08]} 15. Bxc3 {[%emt 0:00:17]} Bxc4 {[%emt 0:13:55]} 16. Bxg7 {[%emt 0:18:38]} Rg8 {[%emt 0:00:26]} 17. Bxc4 {[%emt 0:00:32]} Nxc4 {[%emt 0:06:41]} 18. Rc1 {[%emt 0:04:34]} O-O-O {[%emt 0:01:39]} 19. Rxc4 {[%emt 0:02:51]} Rge8+ {[%emt 0:00:19]} 0-1

[Event "Romanian-ch Open 2022"]
[Site "Eforie Nord"]
[Date "2022.02.22"]
[Round "3.22"]
[White "Magold, Filip"]
[Black "Zaim, Marian"]
[Result "1-0"]
[WhiteElo "2204"]
[BlackElo "1964"]
[Annotator "TA"]
[PlyCount "57"]
[EventDate "2022.02.20"]
[EventType "swiss"]
[EventCountry "ROU"]
[SourceTitle "playchess.com"]
[Source "ChessBase"]
[SourceQuality "1"]

{[%evp 18,57,44,29,53,61,71,61,72,63,135,137,142,154,152,152,180,170,230,255,251,210,215,200,237,200,206,213,253,251,242,216,432,416,442,440,29991,29992,29992,29986,29983,6495]} 1. e4 c5 2. Nf3 Nc6 3. d4 cxd4 4. Nxd4 Nf6 5. Nc3 d6 6. Bg5 e6 7. Qd2 a6 8. f3 Bd7 9. O-O-O Rc8 10. Kb1 (10. Be3 {is interesting.} b5 11. Kb1 h5 12. a3 Be7 13. Rg1) 10... h6 {B67: Sicilian: Richter-Rauzer: 7...a6 8 0-0-0 Bd7, lines without 9 f4 Be7.} 11. Be3 Nxd4 12. Bxd4 e5 {White is slightly better.} 13. Be3 {[#]} Bc6 $146 ({Better is} 13... b5 $14) ({Predecessor:} 13... b5 14. g4 Be6 15. Nd5 Bxd5 16. exd5 Be7 17. h4 Nd7 18. Qf2 Nc5 19. Bd3 Qc7 {1-0 (32) Zhukov,I (2061)-Pozin,S (2294) Ekaterinburg 2018}) 14. g4 $16 Nd7 15. Bc4 b5 16. Bb3 {White is much more active.} Qc7 17. h4 Nb6 (17... Nc5 {was called for.} 18. Bd5 Bd7) 18. Bxb6 $18 Qxb6 19. Nd5 Bxd5 20. Qxd5 ({Resist} 20. Bxd5 Be7 21. f4 f6) 20... Qa7 21. g5 Rc5 22. Qd2 hxg5 23. hxg5 ({Less strong is} 23. Qxg5 Qe7 $16) 23... Rxh1 24. Rxh1 {[%cal Bd1h1,Bh1h8,Bh8f8][%mdl 32]} g6 $2 (24... Rc8 {is a better defense.} 25. g6 f6) 25. Rh8 {[#] White wants to mate with Qxd6.} Rc7 26. a3 {White threatens Qxd6 and mate.} a5 (26... Rc6 $18 27. f4 exf4) 27. Qxd6 {[%csl Gd6][%cal Rh8f8] White mates.} Re7 28. Qf6 Qc5 {[#]} 29. Rxf8+ $1 {[%mdl 512] Black got outplayed after the opening.  Weighted Error Value: White=0.07 (flawless) /Black=0.66} 1-0

[Event "Romanian-ch Open 2022"]
[Site "Eforie Nord"]
[Date "2022.02.22"]
[Round "3.23"]
[White "Antal, Hunor-Zoltan"]
[Black "Tamas, Christian-Arrydan"]
[Result "1-0"]
[WhiteElo "2172"]
[BlackElo "1833"]
[Annotator "TA"]
[PlyCount "75"]
[EventDate "2022.02.20"]
[EventType "swiss"]
[EventCountry "ROU"]
[SourceTitle "playchess.com"]
[Source "ChessBase"]
[SourceQuality "1"]

{[%evp 15,75,31,50,52,47,56,32,32,49,50,103,124,101,110,181,171,152,54,162,41,234,243,233,237,226,227,251,222,222,199,212,211,241,206,330,349,331,358,321,264,262,264,248,202,197,200,193,189,200,203,238,240,241,200,172,198,188,136,131,84,29989,29990]} 1. d4 Nf6 2. Nf3 g6 3. c4 Bg7 4. g3 O-O 5. Bg2 d6 6. O-O Nbd7 7. Nc3 e5 8. e4 a6 {[%cal Ob7b5]} 9. Be3 {E68: King's Indian: Fianchetto: 6...Nbd7 7 0-0 e5 8 e4.} exd4 10. Nxd4 (10. Qxd4 Ng4 11. Qd2 Nxe3 12. Qxe3 Re8 $15) 10... Ne5 11. b3 {White is slightly better.} Re8 12. h3 c5 (12... Rb8 $14) 13. Nde2 $1 $16 Be6 {[#]} 14. f4 $146 ({Predecessor:} 14. Nf4 Nc6 15. Nxe6 Rxe6 16. Qd2 Qa5 17. Rac1 Nd4 18. Rfd1 Rae8 19. Kh1 b5 20. cxb5 axb5 21. Bxd4 cxd4 {1-0 (39) Wassin,S (2299)-Pribeanu,M (2228) Durham 2007}) 14... Nc6 {[#]} (14... Nxc4 $16 {is a better defense.} 15. bxc4 Bxc4) 15. Qd2 $1 $18 Qe7 {[%cal Oe6h3] [#]} 16. Rad1 (16. g4 $1 $16) 16... Nxe4 17. Nxe4 (17. Bxe4 $18 {And now Kh2 would win.} Bxh3 18. Rfe1 (18. Qxd6 Nd4 $11)) 17... Bxh3 $2 18. Bxh3 Qxe4 19. Kf2 Nb4 20. Bg2 Qe7 {[%cal Ob4c2]} 21. Rfe1 Nxa2 22. f5 Nb4 23. Bf4 Rad8 24. Bg5 {To avoid Qf6. Really sharp! A strong pair of Bishops.} (24. Bxd6 Qf6 25. Nf4 (25. Bxb7 $2 Bf8 $19) 25... Rxe1 26. Qxe1 (26. Kxe1 $2 Bf8 $19) 26... Rxd6 27. Rxd6 Qxd6 28. Qe8+ Bf8 29. Bxb7 Qd2+ 30. Qe2 Qc3 $17) 24... f6 (24... Bf6 {was called for.}) 25. Bf4 {[%cal Oe2d4] Black must now prevent Nd4!} Qd7 26. fxg6 (26. Qxd6 Qc8 27. Qb6 Nd3+ 28. Rxd3 Rxd3 $18) (26. Bxd6 $6 Qxf5+ 27. Nf4 Bh6 28. Bd5+ (28. Bxb7 g5 $18) 28... Nxd5 29. Rxe8+ (29. Qxd5+ Qxd5 30. Rxe8+ Rxe8 $18) 29... Rxe8 $18) 26... hxg6 27. Bd5+ (27. Qxd6 $6 Qc8 28. Qb6 Nd3+ 29. Rxd3 Rxd3 30. Bxb7 (30. Bd5+ Rxd5 31. cxd5 g5 $11) 30... Qf5 31. Bd5+ Rxd5 32. cxd5 Qxd5 33. Qxa6 Qxb3 $18) 27... Nxd5 28. Qxd5+ ({Worse is} 28. cxd5 g5 $11) 28... Qf7 29. Nc3 f5 30. Rxe8+ Rxe8 31. Ne2 Rd8 32. Qf3 ({Don't take} 32. Bxd6 Bd4+ 33. Nxd4 Qxd5 34. cxd5 cxd4) 32... b5 33. cxb5 (33. Bxd6 $6 bxc4 34. bxc4 Bf8) 33... axb5 34. Bg5 ({Don't do} 34. Bxd6 $6 Bf8 $16) 34... Bf6 35. Bxf6 Qxf6 36. Qb7 (36. Nf4 $18) 36... b4 $16 37. Rh1 {White is more active.} (37. Qf3 $142) 37... Qf7 $2 {[%mdl 8192] [#]} (37... Re8 $16) 38. Rh8+ $1 {[%mdl 512] Weighted Error Value: White=0.19 (very precise) /Black=0.46} 1-0

[Event "Romanian-ch Open 2022"]
[Site "Eforie Nord"]
[Date "2022.02.22"]
[Round "3.24"]
[White "Craciun, Gheorghe"]
[Black "Coca, Cristi-Iulian"]
[Result "0-1"]
[WhiteElo "1655"]
[BlackElo "2147"]
[Annotator "TA"]
[PlyCount "106"]
[EventDate "2022.02.20"]
[EventType "swiss"]
[EventCountry "ROU"]
[SourceTitle "playchess.com"]
[Source "ChessBase"]
[SourceQuality "1"]

{[%evp 17,106,50,63,0,0,0,0,-6,22,33,36,-51,-31,-123,-121,-114,-93,-93,-75,-105,-19,-26,-29,-25,-32,-31,-31,-31,-32,-33,0,-11,0,0,0,0,0,-15,0,-75,-75,-83,-80,-76,-82,-74,-76,-77,-91,-150,-149,-186,-154,-139,-68,-85,-93,-254,-247,-252,-171,-172,-151,-267,-267,-381,-374,-370,-260,-360,-324,-410,-389,-447,-395,-447,-423,-768,-637,-689,-844,-825,-800,-768,-748,-690,-681,-5608,-3975,-1256,-899]} 1. d4 Nf6 2. Nc3 c5 3. d5 d6 4. e4 g6 5. Nf3 Bg7 6. h3 O-O 7. Be2 Na6 8. O-O Nc7 9. a4 Rb8 {[#] 9...a6 is a critical line.} 10. a5 $146 {A43: Schmid Benoni.} (10. Re1 $14) ({Predecessor:} 10. Bf4 Nd7 11. Re1 b6 12. Bf1 Bxc3 13. bxc3 f6 14. Nd2 a6 15. c4 b5 16. axb5 axb5 17. cxb5 Nxb5 {1-0 (35) Kraai,J (2429)-Mozharov,M (2558) Chess.com INT 2020}) 10... b6 11. axb6 axb6 12. e5 {The position is equal.} Nfe8 13. Bf4 b5 14. exd6 ({Better is} 14. Re1 $14) 14... exd6 $15 15. Ra2 (15. Ra7 $15) 15... Nf6 16. Bg5 {[%cal Oc3e4]} h6 (16... Re8 {is more complex.} 17. Ra7 b4 18. Na4 Ncxd5 19. Bc4 Be6) 17. Bxf6 Qxf6 (17... Bxf6 {is interesting.} 18. Ra7 Re8 19. Qd2 h5 20. Re1 Ba6) 18. Ra7 {[#]} Rb7 (18... Qd8 $1 $17 19. Qd2 b4) 19. Rxb7 $11 Bxb7 20. Bxb5 Nxb5 21. Nxb5 Ba6 {This bishop pair is nice.} 22. c4 Bxb5 23. cxb5 Rb8 24. Qd3 Qxb2 25. Rb1 Qc3 26. Qxc3 Bxc3 {[%mdl 4096] Endgame KRB-KRN} 27. Rb3 Bb4 28. Kf1 (28. Nd4 $1 $11 {keeps the balance.}) 28... Rxb5 $17 29. Nd2 Ra5 30. Nc4 {[%csl LRa5,LRd6]} Ra1+ 31. Ke2 Re1+ 32. Kf3 Rd1 33. Ne3 {[#]} (33. Nxd6 $142 Rxd5 34. Nc4) 33... Rd2 $1 {Black is more active.} 34. g4 Kf8 35. Rb1 Ra2 ({Black should play} 35... Bc3 $17 {White must now prevent ...Bd4.} 36. Rd1 Ra2) 36. Rd1 Ke7 37. Rd3 $2 {This costs White the game.} (37. Nc4 $17) 37... Be1 $19 38. Nd1 {Strongly threatening Re3+.} Kd7 39. Re3 Bd2 40. Re2 (40. Rb3 $17 {is a better defense.}) 40... Ra3+ 41. Ne3 (41. Ke4 $142 Ra4+ 42. Kd3 Rd4+ 43. Kc2) 41... Rd3 42. Ke4 Rd4+ 43. Kf3 Bxe3 44. fxe3 Rxd5 {KR-KR} 45. Ra2 c4 {[%cal Bc5c4,Bc4c3,Bc3c2][%mdl 32]} 46. Ke4 Ke6 {Black is clearly winning.} 47. Ra8 (47. Kf3 $142) 47... Rc5 48. Kd4 c3 {( -> ...c2)} 49. Ra1 c2 50. Rc1 Kf6 51. h4 Ke6 52. e4 Rc8 53. Kd3 Ke5 {Weighted Error Value: White=0.53/Black=0.18 (very precise)} 0-1